Probability statics and Random Process For Electrical Engineering (Record no. 190343)

000 -LEADER
fixed length control field 00975 a2200181 4500
003 - CONTROL NUMBER IDENTIFIER
control field Nust
005 - DATE AND TIME OF LATEST TRANSACTION
control field 20221129140813.0
010 ## - LIBRARY OF CONGRESS CONTROL NUMBER
LC control number 2007046492
040 ## - CATALOGING SOURCE
Transcribing agency Nust
082 ## - DEWEY DECIMAL CLASSIFICATION NUMBER
Classification number 519.20246, GAR
100 ## - MAIN ENTRY--PERSONAL NAME
Personal name Garcia ,Alberto Leon
9 (RLIN) 72527
245 ## - TITLE STATEMENT
Title Probability statics and Random Process For Electrical Engineering
Statement of responsibility, etc. Alberto Leon- Garcia
250 ## - EDITION STATEMENT
Edition statement 3rd ed
260 ## - PUBLICATION, DISTRIBUTION, ETC.
Place of publication, distribution, etc. New York
Name of publisher, distributor, etc. Prentice Hall
Date of publication, distribution, etc. 2008
300 ## - PHYSICAL DESCRIPTION
Extent xiv;818,p
505 ## - FORMATTED CONTENTS NOTE
Formatted contents note Probability Models in Electrical and Computer Engineering (Page-1), Basic Concepts of Probability Theory (Page-21), Random Variables Multiple Random Variables(Page-96), One Random Variable (Page-141), Pairs of Random variable (Page-233), Vectors Random Variable (Page-303), Sums of Random Variable and Long Term Average (Page-359), Statistics (Page-411), Random Processes (Page-487), Analysis and Processing of Random Signals(Page-577), Markov Chains (Page-647), Introduction to Queueing Theory (Page-713).
942 ## - ADDED ENTRY ELEMENTS (KOHA)
Koha item type Reference
Source of classification or shelving scheme
Holdings
Withdrawn status Lost status Source of classification or shelving scheme Damaged status Not for loan Collection code Permanent Location Current Location Date acquired Total Checkouts Total Renewals Full call number Barcode Checked out Date last seen Date last checked out Price effective from Koha item type Shelving location Public note
            Military College of Signals (MCS) Military College of Signals (MCS) 12/12/2016 2 1 519 20246 GAR MCS35937 07/22/2025 03/24/2025 03/24/2025 12/12/2016 Book    
            Military College of Signals (MCS) Military College of Signals (MCS) 12/12/2016     519 20246, GAR MCS35938   12/08/2016   12/12/2016 Book General Stacks Almirah No.14, Shelf No.3
© 2023 Central Library, National University of Sciences and Technology. All Rights Reserved.